[Event "DEM U10 2005"]
[Site "Willingen GER"]
[Date "2005.05.16"]
[Round "3"]
[White "Kaphle, Sebastian"]
[Black "Klek, Hanna-Marie"]
[Result "1-0"]
[Termination "normal"]
[Board "1"]
[WhiteElo "1824"]
[BlackElo "1340"]
[PlyCount "147"]
[WhiteFideId "24626708"]
[BlackFideId "24670057"]
[EventCountry "GER"]
[EventRounds "11"]
[EventType "swiss"]
[EventDate "2005.05.15"]

1. e4 d5 2. exd5 Qxd5 3. Nc3 Qa5 4. d4 Nf6 5. Bc4 c6 6. Bd2 Qc7 7. Qe2 Bf5 8.
O-O-O e6 9. Nf3 Nbd7 10. Rhe1 Be7 11. Nh4 Bg6 12. h3 O-O-O 13. Nxg6 hxg6 14.
Qf3 Bd6 15. Ne4 Nxe4 16. Qxe4 Rhe8 17. Bb3 Nf6 18. Qf3 Nd5 19. Kb1 Rd7 20. c4
Nf6 21. Bg5 Be7 22. d5 e5 23. Qe3 Bb4 24. Re2 b6 25. Bxf6 gxf6 26. Ba4 Rd6 27.
Bxc6 Rxc6 28. dxc6 Qxc6 29. Qd3 Bc5 30. Red2 Bd4 31. Qe2 Kc7 32. Re1 Re6 33.
Qg4 Bc5 34. a3 a5 35. Qe4 Bd4 36. Qxc6+ Kxc6 37. Kc2 Kc5 38. b3 a4 39. Rde2
axb3+ 40. Kxb3 b5 41. cxb5 Kxb5 42. a4+ Ka5 43. Kc4 Rb6 44. Re4 Rb4+ 45. Kd5
Rxa4 46. f4 f5 47. Rxe5 Bxe5 48. Kxe5 Kb6 49. g4 fxg4 50. hxg4 Kc5 51. Rd1 f6+
52. Kxf6 Rxf4+ 53. Kg5 Re4 54. Rd8 Kc6 55. Rg8 Kd7 56. Rxg6 Ke7 57. Ra6 Kf7 58.
Kf5 Re1 59. Ra7+ Kf8 60. g5 Rf1+ 61. Kg6 Rb1 62. Ra8+ Ke7 63. Kg7 Rb5 64. g6
Rb3 65. Kh7 Rb1 66. g7 Rh1+ 67. Kg8 Rg1 68. Ra2 Rg3 69. Re2+ Kd7 70. Re4 Rf3
71. Kh7 Rh3+ 72. Kg6 Rg3+ 73. Kf6 Rf3+ 74. Kg5 1-0

[Event "DEM U10 2005"]
[Site "Willingen GER"]
[Date "2005.05.16"]
[Round "3"]
[White "Große, Christian"]
[Black "Zier, Oliver"]
[Result "0-1"]
[Termination "normal"]
[Board "2"]
[WhiteElo "1347"]
[BlackElo "1563"]
[PlyCount "72"]
[WhiteFideId "24646156"]
[BlackFideId "24631906"]
[EventCountry "GER"]
[EventRounds "11"]
[EventType "swiss"]
[EventDate "2005.05.15"]

1. e4 c5 2. Nf3 e6 3. d4 cxd4 4. Nxd4 Nf6 5. Nc3 Nc6 6. Be3 Bb4 7. f3 d5 8. Bb5
Qc7 9. O-O O-O 10. exd5 exd5 11. Qd2 Bd6 12. g3 Ne5 13. Bf4 Nc4 14. Bxc4 Bxf4
15. Qxf4 Qxf4 16. gxf4 dxc4 17. Kf2 Bh3 18. Rg1 Rad8 19. Nde2 Bf5 20. Rg5 Bxc2
21. Rag1 g6 22. R5g2 Bf5 23. Rg5 Bc2 24. R5g2 Rd2 25. h4 Bd3 26. Rg5 Re8 27.
Re5 Rxe5 28. fxe5 Nd7 29. Rg4 Nxe5 30. Rd4 Nc6 31. Rd7 Rxb2 32. Ke3 Kg7 33. a4
Rb4 34. Nc1 Bf5 35. N1a2 Bxd7 36. Nxb4 Nxb4 0-1

[Event "DEM U10 2005"]
[Site "Willingen GER"]
[Date "2005.05.16"]
[Round "3"]
[White "Grünwald, Sven"]
[Black "Osmanodja, Filiz"]
[Result "0-1"]
[Termination "normal"]
[Board "3"]
[WhiteElo "1323"]
[BlackElo "1518"]
[PlyCount "108"]
[WhiteFideId "24629642"]
[BlackFideId "24633569"]
[EventCountry "GER"]
[EventRounds "11"]
[EventType "swiss"]
[EventDate "2005.05.15"]

1. e4 c5 2. Nf3 d6 3. d4 cxd4 4. Nxd4 Nf6 5. Nc3 g6 6. Be3 Bg7 7. f3 O-O 8. Bc4
Bd7 9. Qd2 Nc6 10. O-O-O Rc8 11. Be2 Ne5 12. Kb1 Nc4 13. Bxc4 Rxc4 14. b3 Rc8
15. g4 Qc7 16. Ndb5 Nxe4 17. Nxc7 Nxd2+ 18. Bxd2 Rxc7 19. Nd5 Bc6 20. Nxc7 Rc8
21. Rhf1 Rxc7 22. Rde1 Be5 23. Bg5 f6 24. f4 Bc3 25. Re3 Bb5 26. Rff3 Bd2 27.
Bh4 Bxe3 28. Rxe3 Kf7 29. c4 Bd7 30. h3 Rc5 31. Kb2 b5 32. cxb5 Bxb5 33. Bf2
Rc7 34. Rc3 Rxc3 35. Kxc3 a6 36. a4 Bf1 37. h4 h6 38. g5 hxg5 39. hxg5 e5 40.
Be3 f5 41. Kd2 Ke6 42. Kc3 Kd5 43. Bc1 Ke4 44. fxe5 dxe5 45. Kd2 f4 46. Ke1 Bd3
47. b4 Kf5 48. Kd2 e4 49. Ke1 Kxg5 50. Kf2 Kf5 51. Bd2 e3+ 52. Bxe3 fxe3+ 53.
Kxe3 Bc4 54. Kf3 g5 0-1

[Event "DEM U10 2005"]
[Site "Willingen GER"]
[Date "2005.05.16"]
[Round "3"]
[White "Pfeiffer, Daniel"]
[Black "Lebeda, Timo"]
[Result "0-1"]
[Termination "normal"]
[Board "4"]
[WhiteElo "1428"]
[BlackElo "1315"]
[PlyCount "66"]
[WhiteFideId "24641960"]
[BlackFideId "4638565"]
[EventCountry "GER"]
[EventRounds "11"]
[EventType "swiss"]
[EventDate "2005.05.15"]

1. e4 e5 2. Nf3 Nc6 3. Nc3 Nf6 4. Bb5 Bc5 5. O-O O-O 6. Nxe5 Nxe5 7. d4 Bxd4 8.
Qxd4 d6 9. Bf4 c6 10. Ba4 c5 11. Qd1 a6 12. a3 b5 13. Bb3 c4 14. Ba2 Bb7 15. f3
Qb6+ 16. Kh1 Rfe8 17. Qd2 Rad8 18. Bxe5 dxe5 19. Qg5 h6 20. Qg3 Rd2 21. Rac1
Nh5 22. Qe1 Red8 23. Nd5 Qd4 24. c3 Qd3 25. Qh4 Nf6 26. Rfe1 Rxb2 27. Rcd1 Rxd5
28. exd5 Qc2 29. Rg1 Rxa2 30. d6 Bc6 31. d7 Bxd7 32. Rxd7 Nxd7 33. Qd8+ Nf8 0-1

[Event "DEM U10 2005"]
[Site "Willingen GER"]
[Date "2005.05.16"]
[Round "3"]
[White "Göbel, Constantin"]
[Black "Schmitt, Katrin"]
[Result "1/2-1/2"]
[Termination "normal"]
[Board "5"]
[WhiteElo "1261"]
[BlackElo "1398"]
[PlyCount "40"]
[WhiteFideId "24647071"]
[BlackFideId "24654400"]
[EventCountry "GER"]
[EventRounds "11"]
[EventType "swiss"]
[EventDate "2005.05.15"]

1. e4 e6 2. d4 d5 3. Nc3 Nc6 4. e5 Nge7 5. Nf3 Nf5 6. Be2 Be7 7. O-O Bd7 8. Re1
Na5 9. Bd3 Bc6 10. Bxf5 exf5 11. Bd2 O-O 12. Qe2 Nc4 13. Rab1 h6 14. e6 Qd6 15.
exf7+ Rxf7 16. Ne5 Nxe5 17. Qxe5 Rd8 18. Bf4 Qxe5 19. Bxe5 Bd6 20. a3 a5
1/2-1/2

[Event "DEM U10 2005"]
[Site "Willingen GER"]
[Date "2005.05.16"]
[Round "3"]
[White "Günthner, Arthur"]
[Black "Rozenfeld, Elisabeth"]
[Result "0-1"]
[Termination "normal"]
[Board "6"]
[WhiteElo "1245"]
[BlackElo "1383"]
[PlyCount "86"]
[BlackFideId "4624742"]
[EventCountry "GER"]
[EventRounds "11"]
[EventType "swiss"]
[EventDate "2005.05.15"]

1. e4 e5 2. Nf3 Nf6 3. Bc4 Nc6 4. Ng5 d5 5. exd5 Nxd5 6. d4 exd4 7. O-O Be7 8.
Re1 O-O 9. Nf3 Bg4 10. h3 Bh5 11. c3 Nb6 12. Bb5 Bd6 13. cxd4 Bxf3 14. Qxf3
Nxd4 15. Qd3 a6 16. Bc4 Nc6 17. Qc2 Qd7 18. Bd3 h6 19. Nc3 Rae8 20. Rxe8 Rxe8
21. a3 Qf5 22. Bxh6 Qe5 23. Bh7+ Kf8 24. f4 Qc5+ 25. Kh1 gxh6 26. Bg6 Bxf4 27.
Bxf7 Kxf7 28. Qh7+ Ke6 29. Re1+ Ne5 30. Qg6+ Ke7 31. Qg7+ Kd8 32. Rd1+ Kc8 33.
Qf6 Qf8 34. Qh4 Nbc4 35. Nd5 Ne3 36. Nxe3 Bxe3 37. Qg3 Qf2 38. Qg7 Qf7 39. Qg3
Qb3 40. Re1 Nc4 41. Qg4+ Kb8 42. Qg6 Rd8 43. Qe4 Rd1 0-1

[Event "DEM U10 2005"]
[Site "Willingen GER"]
[Date "2005.05.16"]
[Round "3"]
[White "Xu, Xianliang"]
[Black "Davydov, Ruven"]
[Result "1-0"]
[Termination "normal"]
[Board "7"]
[WhiteElo "1370"]
[BlackElo "1250"]
[PlyCount "85"]
[WhiteFideId "4603230"]
[BlackFideId "24666068"]
[EventCountry "GER"]
[EventRounds "11"]
[EventType "swiss"]
[EventDate "2005.05.15"]

1. c4 e6 2. Nf3 d5 3. g3 c6 4. b3 Be7 5. Bg2 Bf6 6. d4 c5 7. Bb2 Nc6 8. O-O
Nge7 9. Qd2 cxd4 10. Nxd4 Nxd4 11. Bxd4 Bxd4 12. Qxd4 Nf5 13. Qd2 Qf6 14. Nc3
d4 15. Ne4 Qe7 16. g4 Nh6 17. Qxd4 O-O 18. Qd6 Qd7 19. Rfd1 Rd8 20. c5 Nxg4 21.
h3 Nh6 22. Nf6+ gxf6 23. Qg3+ Kf8 24. Rxd7 Rxd7 25. c6 Re7 26. Rd1 bxc6 27.
Rd8+ Re8 28. Qd6+ Kg7 29. Rxe8 Nf5 30. Qf8+ Kg6 31. Rxc8 Rxc8 32. Qxc8 Kg7 33.
e4 Nh6 34. Qxc6 a5 35. Qc7 a4 36. bxa4 Ng8 37. a5 Nh6 38. a6 Ng8 39. a7 Nh6 40.
a8=Q Ng8 41. Qg3+ Kh6 42. Qaxg8 f5 43. Q3g5# 1-0

[Event "DEM U10 2005"]
[Site "Willingen GER"]
[Date "2005.05.16"]
[Round "3"]
[White "Gisy, Roberto"]
[Black "Pältz, Sebastian"]
[Result "1/2-1/2"]
[Termination "normal"]
[Board "8"]
[WhiteElo "1366"]
[BlackElo "1196"]
[PlyCount "44"]
[BlackFideId "24648027"]
[EventCountry "GER"]
[EventRounds "11"]
[EventType "swiss"]
[EventDate "2005.05.15"]

1. e4 d5 2. exd5 Qxd5 3. Nc3 Qa5 4. Bc4 Nf6 5. d3 c6 6. Bd2 Qc7 7. Qe2 b5 8.
Bb3 Bb7 9. Nf3 e6 10. O-O Bd6 11. Rfe1 O-O 12. Bg5 Nbd7 13. Ne4 Nxe4 14. Qxe4
c5 15. Qh4 Bxf3 16. gxf3 Ne5 17. Qh3 h6 18. Bd2 Qc6 19. Rxe5 Bxe5 20. Kh1 Bxb2
21. Rg1 Kh7 22. c3 Rg8 1/2-1/2

[Event "DEM U10 2005"]
[Site "Willingen GER"]
[Date "2005.05.16"]
[Round "3"]
[White "Gitter, Lucas"]
[Black "Marquardt, Patrick"]
[Result "0-1"]
[Termination "normal"]
[Board "9"]
[WhiteElo "1187"]
[BlackElo "1459"]
[PlyCount "70"]
[WhiteFideId "24667587"]
[BlackFideId "4670086"]
[EventCountry "GER"]
[EventRounds "11"]
[EventType "swiss"]
[EventDate "2005.05.15"]

1. e4 c5 2. Nc3 Nc6 3. g3 g6 4. Bg2 Bg7 5. Nge2 Nf6 6. d3 O-O 7. Be3 d6 8. Qd2
Bd7 9. O-O Ne5 10. f4 Neg4 11. h3 Nxe3 12. Qxe3 Rc8 13. g4 b5 14. Rab1 b4 15.
Nd1 Bc6 16. c3 a5 17. f5 Rb8 18. fxg6 hxg6 19. Kh1 Kh7 20. Ng3 Qe8 21. Qg5 Rh8
22. Qe3 Kg8 23. Kg1 bxc3 24. Nxc3 Nxg4 25. hxg4 Bd4 26. Nd1 Bxe3+ 27. Nxe3 Qf8
28. a3 Qg7 29. Rf2 Qd4 30. Re2 Qxd3 31. Rd1 Qb5 32. Red2 a4 33. Kf2 Qa5 34. Kg1
Rb3 35. Kf2 Bb5 0-1

[Event "DEM U10 2005"]
[Site "Willingen GER"]
[Date "2005.05.16"]
[Round "3"]
[White "Babayev, Ramil"]
[Black "Kyas, Philipp"]
[Result "1/2-1/2"]
[Termination "normal"]
[Board "10"]
[WhiteElo "1533"]
[BlackElo "1273"]
[PlyCount "84"]
[WhiteFideId "24664243"]
[BlackFideId "24670936"]
[EventCountry "GER"]
[EventRounds "11"]
[EventType "swiss"]
[EventDate "2005.05.15"]

1. e4 e5 2. Nf3 Nc6 3. Bb5 d6 4. d3 Bd7 5. O-O Be7 6. Be3 Nf6 7. Nbd2 O-O 8. c3
Na5 9. Bxd7 Qxd7 10. h3 b6 11. Qc2 c5 12. Rad1 Qe6 13. Ng5 Qd7 14. a3 Rac8 15.
c4 Nc6 16. Nb3 Nd4 17. Nxd4 cxd4 18. Bd2 h6 19. Nf3 Qe6 20. Qa4 Rc7 21. Rc1
Rfc8 22. b4 Nd7 23. Qd1 Qg6 24. Nh2 Nf8 25. Qg4 Bf6 26. f4 Qxg4 27. Nxg4 Nd7
28. fxe5 Bxe5 29. a4 a5 30. Kh1 h5 31. Nf2 axb4 32. Bxb4 Nc5 33. Bxc5 dxc5 34.
Ra1 Ra8 35. Ra2 Ra5 36. Nd1 Bg3 37. Nb2 Rc6 38. Kg1 Rg6 39. Ra3 h4 40. Rb3 Bc7
41. Rb5 Ra7 42. Rf5 Ra6 1/2-1/2

[Event "DEM U10 2005"]
[Site "Willingen GER"]
[Date "2005.05.16"]
[Round "3"]
[White "Noe, Christopher"]
[Black "Haryanto, Selina"]
[Result "1-0"]
[Termination "normal"]
[Board "11"]
[WhiteElo "1509"]
[BlackElo "913"]
[PlyCount "85"]
[WhiteFideId "24692018"]
[EventCountry "GER"]
[EventRounds "11"]
[EventType "swiss"]
[EventDate "2005.05.15"]

1. d4 c5 2. d5 d6 3. c4 g6 4. Bd2 Bg7 5. Bc3 Nf6 6. e4 O-O 7. Bd3 e5 8. Ne2 b6
9. O-O Nbd7 10. Nd2 Ng4 11. h3 Ngf6 12. Qc2 Qe7 13. Rae1 Re8 14. Ng3 Bb7 15. b3
a5 16. a4 Nh5 17. Nxh5 gxh5 18. f4 Qh4 19. Nf3 Qxf4 20. Nxe5 Qg5 21. Nxd7 Bc8
22. Nf6+ Bxf6 23. Bxf6 Qg6 24. e5 Qh6 25. Rf3 h4 26. Bf5 dxe5 27. Bxc8 Raxc8
28. Re4 Qh5 29. Rg4+ Kf8 30. Rf5 Qxg4 31. hxg4 e4 32. Re5 Rxe5 33. Bxe5 e3 34.
Qe2 Re8 35. Qxe3 f6 36. Qh6+ Kg8 37. Qxf6 Rxe5 38. Qxe5 Kf7 39. Qe6+ Kg7 40. d6
h5 41. d7 hxg4 42. d8=Q g3 43. Qdg8# 1-0

[Event "DEM U10 2005"]
[Site "Willingen GER"]
[Date "2005.05.16"]
[Round "3"]
[White "Barzen, Pascal"]
[Black "Gheng, Michael Dan"]
[Result "1/2-1/2"]
[Termination "normal"]
[Board "12"]
[WhiteElo "1204"]
[BlackElo "1368"]
[PlyCount "57"]
[WhiteFideId "24653497"]
[EventCountry "GER"]
[EventRounds "11"]
[EventType "swiss"]
[EventDate "2005.05.15"]

1. d4 d5 2. c4 e6 3. Nc3 Nf6 4. Nf3 c5 5. cxd5 cxd4 6. Nxd4 exd5 7. Bg5 Bc5 8.
e3 Nc6 9. Nxc6 bxc6 10. Bd3 d4 11. exd4 Qxd4 12. Be3 Qe5 13. Qe2 O-O 14. Bxc5
Qxc5 15. O-O Re8 16. Qd2 Bb7 17. Rac1 Rad8 18. Qc2 Qg5 19. Ne4 Nxe4 20. Bxe4
Rd2 21. Qb1 Kh8 22. Bxc6 Bxc6 23. Rxc6 Qe5 24. Rc2 Rd4 25. Rc3 Re4 26. Rcc1 h6
27. b3 a5 28. Qa1 Qe6 29. Qc3 1/2-1/2

[Event "DEM U10 2005"]
[Site "Willingen GER"]
[Date "2005.05.16"]
[Round "3"]
[White "Strohmann, Marcel"]
[Black "Müller, Alexander"]
[Result "1-0"]
[Termination "normal"]
[Board "13"]
[WhiteElo "1140"]
[BlackElo "1336"]
[PlyCount "79"]
[BlackFideId "4624696"]
[EventCountry "GER"]
[EventRounds "11"]
[EventType "swiss"]
[EventDate "2005.05.15"]

1. f4 d5 2. e3 Nc6 3. Nf3 Bf5 4. Bb5 Bd7 5. b3 a6 6. Bxc6 Bxc6 7. Bb2 Nf6 8.
O-O e6 9. Ne5 Bd7 10. Qe1 Bd6 11. Qg3 Rg8 12. Nxd7 Nxd7 13. d3 Be7 14. f5 Bd6
15. Qf2 e5 16. Nd2 Qe7 17. c4 c6 18. cxd5 cxd5 19. Rac1 f6 20. Rc2 Kf7 21. Qf3
Nb6 22. a4 a5 23. Qh5+ Kf8 24. Qxh7 Bc5 25. d4 exd4 26. Bxd4 Bxd4 27. exd4 Qe3+
28. Kh1 Qxd4 29. Nf3 Qd3 30. Rfc1 Qxb3 31. Rc7 Qxa4 32. Nh4 Nd7 33. Rxb7 Rd8
34. Qh5 Ke7 35. Rd1 Rc8 36. Qe2+ Kd8 37. Ng6 Re8 38. Qd3 Qe4 39. Qd2 Ra8 40.
Qc3 1-0

[Event "DEM U10 2005"]
[Site "Willingen GER"]
[Date "2005.05.16"]
[Round "3"]
[White "Stahnecker, Ludwig"]
[Black "Grewenig, Jan"]
[Result "1/2-1/2"]
[Termination "normal"]
[Board "14"]
[WhiteElo "1307"]
[BlackElo "1214"]
[PlyCount "40"]
[WhiteFideId "24692026"]
[BlackFideId "4657330"]
[EventCountry "GER"]
[EventRounds "11"]
[EventType "swiss"]
[EventDate "2005.05.15"]

1. e4 c5 2. Nf3 Nc6 3. d4 cxd4 4. Nxd4 g6 5. Nc3 Bg7 6. Be3 Nf6 7. Bc4 Qa5 8.
Nb3 Qb4 9. Bd3 O-O 10. Qd2 d5 11. exd5 Ne5 12. O-O-O Nxd3+ 13. Qxd3 Bf5 14. Qd4
Qd6 15. Qd2 Rac8 16. f3 a6 17. g4 Bd7 18. h4 Rc4 19. Qd3 Rfc8 20. Bd2 Nxd5
1/2-1/2

[Event "DEM U10 2005"]
[Site "Willingen GER"]
[Date "2005.05.16"]
[Round "3"]
[White "Titgemeyer, Sven"]
[Black "Nitsche-Hahn, Maxim"]
[Result "0-1"]
[Termination "normal"]
[Board "15"]
[WhiteElo "1041"]
[BlackElo "1356"]
[PlyCount "144"]
[WhiteFideId "24676934"]
[BlackFideId "4613090"]
[EventCountry "GER"]
[EventRounds "11"]
[EventType "swiss"]
[EventDate "2005.05.15"]

1. e4 c5 2. Nf3 Nc6 3. d4 cxd4 4. Nxd4 g6 5. Nc3 Bg7 6. Be3 Nf6 7. Bc4 Qa5 8.
O-O O-O 9. Nxc6 dxc6 10. Bd2 Qd8 11. Be3 Qd7 12. Qxd7 Bxd7 13. Rad1 b6 14. e5
Nd5 15. Nxd5 cxd5 16. Bxd5 Rad8 17. f4 Bg4 18. Rd2 Bf5 19. Bb3 Rxd2 20. Bxd2
Rd8 21. Bc3 e6 22. Kf2 Be4 23. g3 Bb7 24. Ke2 Ba6+ 25. Kf2 Bxf1 26. Kxf1 Bf8
27. Ke2 Bc5 28. Kf3 Bd4 29. Bxd4 Rxd4 30. Kg4 a5 31. a4 Rd1 32. Kh4 Rb1 33. Kg4
Rxb2 34. Kh4 Kg7 35. Kg4 Rb1 36. Kh3 Kh6 37. Kh4 Rh1 38. h3 Rd1 39. Kg4 Rd8 40.
Kh4 Rb8 41. Bc4 Rc8 42. Bd3 Rc3 43. Bb5 Rxc2 44. Be8 Kg7 45. Bb5 Rb2 46. Bc6 f6
47. exf6+ Kxf6 48. Kg4 h6 49. Be8 Rb4 50. Kf3 g5 51. Kg4 gxf4 52. gxf4 e5 53.
Kf3 Rxf4+ 54. Kg3 Kg5 55. h4+ Rxh4 56. Kf2 Rf4+ 57. Ke3 h5 58. Bxh5 Kxh5 59.
Kd3 Rxa4 60. Ke3 e4 61. Kd2 Ra3 62. Ke2 e3 63. Kd1 Ra2 64. Ke1 Kg4 65. Kd1 Kf3
66. Ke1 Rb2 67. Kd1 Kf2 68. Kc1 Ra2 69. Kb1 Re2 70. Kc1 Kf1 71. Kb1 Rf2 72. Kc1
e2 0-1

[Event "DEM U10 2005"]
[Site "Willingen GER"]
[Date "2005.05.16"]
[Round "3"]
[White "Tran, Duc Cuong"]
[Black "Schäfer, Ann-Kathrin"]
[Result "1-0"]
[Termination "normal"]
[Board "16"]
[WhiteElo "1395"]
[BlackElo "1118"]
[PlyCount "59"]
[WhiteFideId "24689718"]
[BlackFideId "24615412"]
[EventCountry "GER"]
[EventRounds "11"]
[EventType "swiss"]
[EventDate "2005.05.15"]

1. e4 c5 2. Nf3 e6 3. d4 cxd4 4. Nxd4 a6 5. Nc3 d6 6. Be3 Nf6 7. Be2 Be7 8. O-O
O-O 9. f4 Qc7 10. Nb3 Nbd7 11. Qe1 b6 12. Bf3 Bb7 13. Qg3 d5 14. exd5 exd5 15.
Bd4 Rac8 16. Bxd5 Bxd5 17. Nxd5 Qd6 18. Nxe7+ Qxe7 19. c3 Nc5 20. Rfe1 Qd6 21.
Nxc5 bxc5 22. Be5 Qb6 23. Kh1 Rc6 24. b3 Nh5 25. Qg5 Rh6 26. g4 f6 27. Bxf6
Rfxf6 28. Qd5+ Kh8 29. Re8+ Rf8 30. Rxf8# 1-0

[Event "DEM U10 2005"]
[Site "Willingen GER"]
[Date "2005.05.16"]
[Round "3"]
[White "Sarchisov, Slavik"]
[Black "Düssler, Stefanie"]
[Result "1-0"]
[Termination "normal"]
[Board "17"]
[WhiteElo "1337"]
[BlackElo "1087"]
[PlyCount "73"]
[WhiteFideId "24647888"]
[BlackFideId "4634780"]
[EventCountry "GER"]
[EventRounds "11"]
[EventType "swiss"]
[EventDate "2005.05.15"]

1. e4 e5 2. Nc3 Nf6 3. f4 d6 4. Nf3 Bg4 5. Be2 Nbd7 6. d4 Bxf3 7. Bxf3 g6 8.
Be3 Bg7 9. fxe5 dxe5 10. d5 Qe7 11. Qd2 O-O-O 12. Bxa7 b6 13. a4 Kb7 14. Nb5
Ra8 15. Qc3 Rhc8 16. Qc6+ Ka6 17. a5 Qb4+ 18. Kf2 Qc5+ 19. Qxc5 bxc5 20. c4
Rxa7 21. Nxa7 Kxa7 22. Ke3 Nb8 23. Bd1 Na6 24. Rf1 Nb4 25. Rf2 Rd8 26. h3 h5
27. Ba4 g5 28. Raf1 Rd6 29. Rf5 Ka6 30. Bb5+ Kxa5 31. Ra1+ Kb6 32. Ra8 Nc2+ 33.
Kd3 Nd4 34. Rxg5 Bh6 35. Rxe5 Kb7 36. Ra5 Nb3 37. Bc6+ 1-0

[Event "DEM U10 2005"]
[Site "Willingen GER"]
[Date "2005.05.16"]
[Round "3"]
[White "Matschewsky, Justus"]
[Black "Pauly, Carlo"]
[Result "1/2-1/2"]
[Termination "normal"]
[Board "18"]
[WhiteElo "1235"]
[BlackElo "1111"]
[PlyCount "59"]
[WhiteFideId "24678708"]
[BlackFideId "24673269"]
[EventCountry "GER"]
[EventRounds "11"]
[EventType "swiss"]
[EventDate "2005.05.15"]

1. e4 d5 2. exd5 Nf6 3. Nf3 Nxd5 4. Nc3 Bg4 5. Bc4 e6 6. d3 Bb4 7. Bd2 Nxc3 8.
Bxc3 Bxc3+ 9. bxc3 Qf6 10. d4 Bxf3 11. Qxf3 Qxf3 12. gxf3 Nd7 13. Rg1 O-O 14.
Rb1 Nb6 15. Bd3 Rfe8 16. Kd2 e5 17. Rge1 exd4 18. cxd4 Kf8 19. h4 g6 20. h5
Rad8 21. c3 c6 22. Rh1 Kg7 23. hxg6 fxg6 24. Rbe1 Rf8 25. Re7+ Rf7 26. Rhe1 Rd7
27. Rxd7 Rxd7 28. Re8 Rf7 29. Be4 h5 30. Re5 1/2-1/2

[Event "DEM U10 2005"]
[Site "Willingen GER"]
[Date "2005.05.16"]
[Round "3"]
[White "Volz, Alexander"]
[Black "Schäfer, Daniela"]
[Result "0-1"]
[Termination "normal"]
[Board "19"]
[WhiteElo "1117"]
[BlackElo "1233"]
[PlyCount "106"]
[WhiteFideId "4669126"]
[BlackFideId "4624769"]
[EventCountry "GER"]
[EventRounds "11"]
[EventType "swiss"]
[EventDate "2005.05.15"]

1. e4 c5 2. Nf3 Nc6 3. d4 cxd4 4. Nxd4 g6 5. Nc3 Bg7 6. Be3 Nf6 7. f3 a6 8. Qd2
d6 9. Bd3 Nxd4 10. Bxd4 Be6 11. O-O-O Rc8 12. Kb1 Qa5 13. a3 b5 14. Qe3 Rc6 15.
Na2 Qa4 16. Nb4 Rc8 17. Bb6 a5 18. Qe2 Bd7 19. Na2 b4 20. axb4 axb4 21. b3 Qa3
22. Bb5 Bxb5 23. Qxb5+ Nd7 24. Bd4 Bxd4 25. Rxd4 Ra8 26. Rhd1 Qxa2+ 27. Kc1
Qa1+ 28. Kd2 Qxd4+ 29. Ke2 Qb6 30. Qd5 Ra5 31. Qc4 Qc5 32. Qd3 Qc3 33. Qxc3
bxc3 34. Kf2 Ra2 35. Rc1 Ne5 36. Ke2 Kd7 37. f4 Ng4 38. h3 Nf6 39. e5 dxe5 40.
fxe5 Nd5 41. Kf3 Ke6 42. Ke4 Rd8 43. g4 Nb6 44. h4 Rd2 45. g5 Nd5 46. Kf3 Raxc2
47. Rxc2 Rxc2 48. Ke4 Rd2 49. Kf3 c2 50. Kg4 c1=Q 51. h5 Rf2 52. h6 Qg1+ 53.
Kh4 Rh2# 0-1

[Event "DEM U10 2005"]
[Site "Willingen GER"]
[Date "2005.05.16"]
[Round "3"]
[White "Riebold, Johannes"]
[Black "Gerntke, Oliver"]
[Result "0-1"]
[Termination "normal"]
[Board "20"]
[WhiteElo "1221"]
[BlackElo "1085"]
[PlyCount "76"]
[BlackFideId "24647977"]
[EventCountry "GER"]
[EventRounds "11"]
[EventType "swiss"]
[EventDate "2005.05.15"]

1. e4 e5 2. Nf3 Nc6 3. Bc4 Bc5 4. Nc3 d6 5. h3 Bd7 6. d3 Nf6 7. O-O Qe7 8. Bg5
O-O-O 9. Nd5 Qf8 10. Nxf6 gxf6 11. Bxf6 Qh6 12. Bxh8 Bxh3 13. g3 Bxf1 14. Qxf1
Rxh8 15. Bxf7 Rf8 16. Bd5 Rxf3 17. Qe2 Bxf2+ 18. Kg2 Rxg3+ 19. Kxf2 Qh2+ 20.
Ke1 Rg1+ 21. Kd2 Qxe2+ 22. Kxe2 Rxa1 23. a3 h5 24. Ke3 h4 25. Ke2 Kd8 26. Be6
Rh1 27. Kf2 Rc1 28. c3 Rc2+ 29. Kf3 Rxb2 30. Kg4 Rd2 31. Bc4 Rc2 32. Kxh4 Rxc3
33. a4 Ra3 34. Kg4 Rxa4 35. Kf5 Rxc4 36. dxc4 a5 37. Kg4 a4 38. Kf3 a3 0-1

[Event "DEM U10 2005"]
[Site "Willingen GER"]
[Date "2005.05.16"]
[Round "3"]
[White "Peil, Christoph"]
[Black "Collmer, Dominik"]
[Result "1-0"]
[Termination "normal"]
[Board "21"]
[WhiteElo "1096"]
[BlackElo "1216"]
[PlyCount "91"]
[WhiteFideId "24651800"]
[BlackFideId "4620763"]
[EventCountry "GER"]
[EventRounds "11"]
[EventType "swiss"]
[EventDate "2005.05.15"]

1. d4 d5 2. c4 Nc6 3. Nc3 Nf6 4. h3 Bf5 5. Nf3 e6 6. Bf4 Bd6 7. Bxd6 Qxd6 8. e3
O-O 9. Be2 Nb4 10. O-O c5 11. a3 cxd4 12. Nb5 Qc6 13. Nfxd4 Qb6 14. axb4 Bg6
15. c5 Qd8 16. Nd6 Qd7 17. Bb5 Qc7 18. Qf3 a6 19. Ba4 b5 20. Bb3 Bh5 21. Qg3
Qe7 22. Nc6 Qd7 23. Ne5 Qe7 24. f4 Ne4 25. Nxe4 dxe4 26. Bc2 f6 27. Nc6 Qc7 28.
Nd4 Rfe8 29. Bxe4 Rad8 30. Rxa6 g5 31. Rxe6 Rf8 32. Rc6 Qe7 33. Ne6 Rb8 34.
Bxh7+ Qxh7 35. fxg5 Rfe8 36. gxf6+ Kh8 37. Ng7 Rf8 38. Nxh5 Rb7 39. Nf4 Rg8 40.
Qf3 Rf7 41. Ne6 Qg6 42. Nc7 Qc2 43. Nxb5 Qxb2 44. Rc7 Rxc7 45. Nxc7 Rf8 46.
Qh5+ 1-0

[Event "DEM U10 2005"]
[Site "Willingen GER"]
[Date "2005.05.16"]
[Round "3"]
[White "Gering, Samuel"]
[Black "Pohl, Theresa"]
[Result "1-0"]
[Termination "normal"]
[Board "22"]
[WhiteElo "1215"]
[BlackElo "1049"]
[PlyCount "63"]
[WhiteFideId "24604526"]
[EventCountry "GER"]
[EventRounds "11"]
[EventType "swiss"]
[EventDate "2005.05.15"]

1. d4 d5 2. e4 dxe4 3. Nc3 Nf6 4. Bg5 Nbd7 5. Bc4 c6 6. Nge2 Qa5 7. Bh4 e6 8.
O-O g6 9. f3 exf3 10. Rxf3 Bg7 11. Qf1 Qd8 12. Ne4 O-O 13. Nxf6+ Bxf6 14. Bxf6
Nxf6 15. Rxf6 Kg7 16. Rf3 b6 17. c3 Bb7 18. Rf2 c5 19. dxc5 bxc5 20. Rd1 Qh4
21. Bb3 Ba6 22. Qe1 Qh5 23. Ng3 Qg4 24. Rfd2 Rab8 25. Qe5+ Kh6 26. Qxc5 Ra8 27.
Rd6 Rfc8 28. Qe3+ g5 29. Rxa6 Rc7 30. Qe5 Rac8 31. Rdd6 Re8 32. Qf6# 1-0

[Event "DEM U10 2005"]
[Site "Willingen GER"]
[Date "2005.05.16"]
[Round "3"]
[White "Schreiner, Till"]
[Black "Steinicke, Rebecca"]
[Result "1-0"]
[Termination "normal"]
[Board "24"]
[WhiteElo "1204"]
[BlackElo "1019"]
[PlyCount "23"]
[WhiteFideId "24675555"]
[EventCountry "GER"]
[EventRounds "11"]
[EventType "swiss"]
[EventDate "2005.05.15"]

1. e4 e5 2. Nf3 Nc6 3. Bb5 Qf6 4. O-O a6 5. Bxc6 Qxc6 6. Nxe5 Qxe4 7. Re1 Qd4
8. Nc6+ Be7 9. Nxd4 Nf6 10. Nc3 b6 11. Qe2 Ng8 12. Nd5 1-0